Quizzes
Events
Quiz Creation
Community
Videos
Private Events
Remove Ads
Sign In
Join for FREE
Feedback
Dark Mode
Quiz Categories
Sports
Geography
Music
Movies
Television
Just For Fun
Miscellaneous
History
Literature
Language
Science
Gaming
Entertainment
Religion
Holiday
For Kids
Quiz Lab
Recent
Popular Today
Quiz Kudos Today
Editor Picks
Curator Picks
Quizzes by...
Day
Popularity
Type
Ratings
Length
Year
Community
Subscriptions
Recent Discussions
Orange Saloon
Badges
Playlists
Quests
Create
Leaderboards
Showdown
Live 5
Trivia Bingo
Activity
Puzzle Library
Sporcle Events
Private Events
Virtual Trivia
Globe League
Become a Host
Pub Owners
SporcleCon
Opinionation
Our Games
Videos
Blog
Mobile Apps
Partnerships
Remove Ads and Go Orange
Feedback
Music
Pop Music
The Beatles
Song
Album
Lyrics
Bands
Singers
Artist
Clip
Rock
Rap
Classical
Billboard
Country Music
Kpop
Taylor Swift
Music
Pop Music
The Beatles
Song
Album
Lyrics
Bands
Singers
Artist
Clip
Rock
Rap
Classical
Billboard
Country Music
Kpop
Taylor Swift
Random Quiz
Search Sporcle
×
Quiz Lab
Quiz Lab
Music
Bands
Type in answers that appear in a list
Type in answers that appear in a list
Classic
Best Score? Go Orange.
Post-hardcore/Metalcore Band Quiz Stats
Can you name the Post-hardcore/Metalcore Band Quiz?
By
sky92lhg
11m
42 Questions
1,290 Plays
1,290 Plays
1,290 Plays
Comments
Comments
Give Quiz Kudos
Give Quiz Kudos
-
- Ratings
hide this ad
Replay
Link that replays current quiz
Next Quiz
Link to next quiz in quiz playlist
You Got
0%
They Got
Avg Score
22%
Avg Friend Score
Upgrade to see
Score Distribution
Jump to the score distribution portion of the page
Score
0/42
Timer
11:00
0
Plays Today
Bands
% Correct
Bring Me The Horizon
71.5%
Asking Alexandria
66%
A Day To Remember
57.3%
Of Mice & Men
55%
Sleeping With Sirens
54.1%
Attack Attack!
43.3%
Blessthefall
42.6%
The Devil Wears Prada
41.1%
We Came As Romans
40.3%
Memphis May Fire
39.9%
August Burns Red
37.7%
Motionless In White
36.5%
Woe Is Me
25.7%
I See Stars
25.3%
Underoath
24.7%
Architects
23.6%
A Skylit Drive
23.5%
The Word Alive
22.2%
Silverstein
20.5%
Dance Gavin Dance
20.4%
Emarosa
17.2%
Bands
% Correct
Like Moths To Flames
15.1%
Hands Like Houses
12.5%
Our Last Night
12%
Born Of Osiris
10.2%
The Color Morale
9.8%
Texas In July
9.5%
Jamies Elsewhere
7.1%
In Fear And Faith
6.8%
Haddaway
6.7%
Destroy Rebuild Until God Shows
6.5%
A Bullet For Pretty Boy
5.3%
I The Breather
5.3%
Haste The Day
4.5%
The Air I Breathe
4.3%
Structures
3.7%
My Ticket Home
3.4%
Of Machines
3.3%
The Chariot
3.2%
Sirens & Sailors
2.9%
From Atlantis
2.4%
Decoder
2.2%
Quiz Playlist
Details
Report
Send in Message
Add To Playlist
Classic:
Type in answers that appear in a list
Last Updated: Feb 16, 2017
Quiz Scoreboard
CHALLENGE
Sign Up to Join the Scoreboard
Show All
Scores
Hide
Comments
May contain spoilers
Recently Published
Movies - When Are They Set?
by FPL_Elf
Movies
5m
Popular People in 1961
by mucciniale
History
6m
1-10 Letter E Words III
by El_Dandy
Language
2m
More to Explore
Quiz From the Vault
Featured Blog Post
Where Did the Easter Bunny Come From?
hide this ad
You Might Also Like...
Tags
Bands Quiz
hardcore
metal
Metal Bands
metalcore
Metalcore Metal
Music Clip
screamo
Screamo Bands
Today's Top Quizzes in Music
Browse Music
hide this ad
Today's Top Quizzes in Bands
Browse Bands
Top Contributed Quizzes in Music
1
Taylor Swift All Songs (2024)
2
2010s Album by Cover III
3
One Thing in Common: Music
4
Guess the Artist- 70s Songs
5
Taylor Swift Logic Puzzle
6
Guess the Taylor Swift song (Mystery Song)
7
2010s Album by Cover IV
8
2010s Album by Cover V
9
KPOP LOGIC QUIZ
10
2010s Album by Cover VI
Explore More
Trending Topics
Marvel
NBA
Crossword
Harry Potter
Anime
Disney
Kpop
The Office
Pokémon
NFL
Soccer
Puzzle
Country
Song
WWE
hide this ad
More By:
sky92lhg
Quiz
Plays
Rating
Category
Featured
Created
Post-hardcore/Metalcore Band Quiz
1,290
2.86
Music
Mar 16, 2012
Go to Creator's Profile
Score Distribution
Quiz Creator Spotlight
sky92lhg
Follow
Send a Message
Quizzes Created
-
Created Quiz Play Count
-
More By This Creator
Popular Quizzes Today
1
Find the Countries of Europe - No Outlines Minefield
2
Find the US States - No Outlines Minefield
3
The Countries of the World
4
Popular People in 1961
5
1-10 Letter E Words III
6
US States
7
Find the US States
8
One Thing in Common: World Cities II
More Music Quizzes
Progressively Smaller Bands
Published
Trending Quizzes
Risky Map Clicking: Least Populous States A-Z
1-10 Letter F Words
Humor Books: The Subtitles
1-10 Letter G Words
One Thing in Common: United Kingdom
Recently Updated
Leaping Animals
pecheneg
Reality TV Shows (A-Z)
bhenderson79
Rickey Henderson's Hall of Fame Teammates
pecheneg
Champions League XIs: Arsenal
pecheneg
Quick Pick: Celebrities in WWE's Hall of Fame
aduchscher
A-Z Keypad Blitz II
pecheneg
Multiple Oscar Actors
pecheneg
Mystery Phrase Blitz: Oscar 'Best Actors'
pecheneg
F. Scott Fitzgerald Novels
LTH
Pick 3 Villains
ddd62291
Trending Topics
NBA
Crossword
Harry Potter
Disney
Anime
Kpop
Marvel
The Office
Soccer
Pokémon
Song
Puzzle
WWE
Country
NFL
Your Account Isn't Verified!
In order to create a playlist on Sporcle, you need to verify the email address you used during registration. Go to your
Sporcle Settings
to finish the process.
Report this User
Report this user for behavior that violates our
Community Guidelines
.
Details:
Send Report
Go to the Sporcle.com Mobile Site →
Comments